00000000cam 2200000zi 4500
0019.962524
003CaOODSP
00520260504115506
006m     o  d f      
007cr mn|||||||||
008260504t19971997bccb    ob   f000 0 eng d
040 |aCaOODSP|beng|erda|cCaOODSP
0410 |aeng|beng|bfre
043 |an-cn-bc
0861 |aFs97-4/2400E-PDF|zFs97-4/2400E
24500|aNahatlatch watershed aquatic biophysical and fisheries habitat / |cby Coast River Environmental Services Ltd.
264 1|aVancouver, B.C. : |bFraser River Action Plan, Department of Fisheries & Oceans, |c1997.
264 4|c©1997
300 |a1 online resource (iv, 6, 2 pages, 1 folded sheet) : |bmap.
336 |atext|btxt|2rdacontent
337 |acomputer|bc|2rdamedia
338 |aonline resource|bcr|2rdacarrier
4901 |aCanadian manuscript report of fisheries and aquatic sciences, |y0706-6473 ; |v2400
500 |aDigitized edition from print [produced by Department of Fisheries and Oceans].
504 |aIncludes bibliographical references (pages 5-6).
5203 |a"This report describes the aquatic biophysical and fisheries habitat of the Nahatlatch watershed. Six reaches have been delineated on the basis of similar biophysical attributes and an accompanying map provides general information on species present, obstructions (both natural and constructed) and enhancement & management activities"--Abstract, page iv.
546 |aIncludes abstracts in English and French.
650 0|aFishes|xHabitat|zBritish Columbia.
650 0|aPacific salmon|xHabitat|zBritish Columbia.
650 0|aStream ecology|zBritish Columbia.
650 6|aPoissons|xHabitat|zColombie-Britannique.
650 6|aSaumons du Pacifique|xHabitat|zColombie-Britannique.
650 6|aÉcologie des cours d'eau|zColombie-Britannique.
7101 |aCanada. |bDepartment of Fisheries and Oceans, |eissuing body.
7102 |aFraser River Action Plan (Canada), |eissuing body.
7102 |aCoast River Environmental Services, |econsultant.
830#0|aCanadian manuscript report of fisheries and aquatic sciences ;|v2400.|w(CaOODSP)9.505211
85640|qPDF|s6.25 MB|uhttps://publications.gc.ca/collections/collection_2026/mpo-dfo/fs97-4/Fs97-4-2400-eng.pdf